000 01014nam a2200265 i 4500
001 185578
003 SpMaBN
005 20250821085502.0
008 160719s1991 sp |||| | cat d
020 _a84-87561-10-1
080 _a343.61(091)
080 _a616.89
100 1 _aGuillon, Claude,
_d1952-
_9160166
245 1 0 _aSuïcidi, manual d'ús
_b: història, tècnica, actualitat /
_cClaude Guillon, Yves Le Bonniec ; traducció de LLuís Massanet ; adaptació als aspectes jurídics i farmacològics de l'Estat espanyol de Bernat López ; redacció del capítol V de Bernat López.
250 _a1ª ed.
260 _aBadalona, Barcelona :
_bLlibres de l'Índex,
_c1991.
300 _a295 p. ;
_c22 cm.
490 1 _aDescoberta ;
_v6
650 0 7 _aSuicidio
_2embne
_917259
700 1 _aLe Bonniec, Yves.
_9160167
700 1 _aLópez, Bernat.
_9160168
830 0 _aDescoberta ;
_v6
_9225245
852 _aES-MaACL
_jL-30450
_z. - Donat. Miguel A. Velasco
999 _c185578
_d185578